[Event "XII Figueira da Foz Open 2018"]
[Site "Figueira da Foz"]
[Date "2018.10.30"]
[Round "2"]
[White "Pais, Bruno Miguel Dos Sa"]
[Black "Dong, Rafael"]
[Result "1-0"]
[WhiteElo "1836"]
[BlackElo "1360"]
[Annotator "NA"]
[PlyCount "61"]
[EventDate "2018.10.30"]
[EventType "swiss"]
[EventCountry "POR"]
[SourceTitle "playchess.com"]
[Source "ChessBase"]
[SourceQuality "1"]
[TimeControl "40/5400+30:1800+30"]

1. d4 {[%emt 0:00:00]} Nf6 {[%emt 0:00:00]} 2. g3 {[%emt 0:00:00]} e6 {[%emt 0:00:00]} 3. Bg2 {[%emt 0:00:00]} c5 {[%emt 0:00:02]} 4. Nf3 {[%emt 0:01:20]} d5 {[%emt 0:00:29]} 5. O-O {[%emt 0:00:23]} Nc6 {[%emt 0:00:24]} 6. e3 {[%emt 0:07:17]} Bd6 {[%emt 0:01:23]} 7. Nbd2 {[%emt 0:01:10]} b6 {[%emt 0:00:12]} 8. c4 {[%emt 0:01:41]} cxd4 {[%emt 0:01:46]} 9. Nxd4 {[%emt 0:04:03]} Nxd4 {[%emt 0:01:18]} 10. exd4 {[%emt 0:00:01]} Bb7 {[%emt 0:00:25]} 11. Qa4+ {[%emt 0:05:07]} Qd7 {[%emt 0:01:11]} 12. Qxd7+ {[%emt 0:00:04]} Nxd7 {[%emt 0:00:56]} 13. cxd5 {[%emt 0:00:03]} Bxd5 {[%emt 0:01:30]} 14. Bxd5 {[%emt 0:00:03]} exd5 {[%emt 0:00:55]} 15. Re1+ {[%emt 0:00:03]} Kd8 {[%emt 0:01:13]} 16. Nf1 {[%emt 0:00:18]} b5 {[%emt 0:02:36]} 17. Ne3 {[%emt 0:02:13]} Nb6 {[%emt 0:00:13]} 18. Nf5 {[%emt 0:01:07]} Bb4 {[%emt 0:02:22]} 19. Re2 {[%emt 0:05:37]} g6 {[%emt 0:01:04]} 20. Ne3 {[%emt 0:02:19]} Re8 {[%emt 0:00:46]} 21. a3 {[%emt 0:03:13]} Bf8 {[%emt 0:02:10]} 22. b3 {[%emt 0:02:49]} Bg7 {[%emt 0:00:26]} 23. Bb2 {[%emt 0:00:06]} Rc8 {[%emt 0:08:38]} 24. Rae1 {[%emt 0:01:48]} a5 {[%emt 0:02:17]} 25. Kf1 {[%emt 0:05:21]} a4 {[%emt 0:01:23]} 26. bxa4 {[%emt 0:01:05]} bxa4 {[%emt 0:02:52]} 27. Rb1 {[%emt 0:11:34]} Nc4 {[%emt 0:03:30]} 28. Nxd5 {[%emt 0:01:54]} Rxe2 {[%emt 0:01:24]} 29. Kxe2 {[%emt 0:00:01]} Nxb2 {[%emt 0:00:24]} 30. Rxb2 {[%emt 0:00:01]} Bxd4 {[%emt 0:00:02]} 31. Rd2 {[%emt 0:02:38]} 1-0

[Event "XII Figueira da Foz Open 2018"]
[Site "Figueira da Foz"]
[Date "2018.10.30"]
[Round "2"]
[White "Puglia, Francesco"]
[Black "Ferreira, Cristina"]
[Result "1-0"]
[WhiteElo "1803"]
[BlackElo "1069"]
[Annotator "NA"]
[PlyCount "51"]
[EventDate "2018.10.30"]
[EventType "swiss"]
[EventCountry "POR"]
[SourceTitle "playchess.com"]
[Source "ChessBase"]
[SourceQuality "1"]
[TimeControl "40/5400+30:1800+30"]

1. e4 {[%emt 0:00:52]} e5 {[%emt 0:00:00]} 2. Nc3 {[%emt 0:00:06]} Nc6 {[%emt 0:00:35]} 3. f4 {[%emt 0:00:01]} f6 {[%emt 0:02:16]} 4. Nf3 {[%emt 0:00:20]} Be7 {[%emt 0:02:39]} 5. Bc4 {[%emt 0:01:07]} Nh6 {[%emt 0:02:55]} 6. O-O {[%emt 0:00:26]} Na5 {[%emt 0:02:30]} 7. Nxe5 {[%emt 0:13:00]} Nxc4 {[%emt 0:06:07]} 8. Nxc4 {[%emt 0:01:23]} d6 {[%emt 0:03:39]} 9. d4 {[%emt 0:04:27]} Be6 {[%emt 0:04:22]} 10. d5 {[%emt 0:01:22]} Bg4 {[%emt 0:01:32]} 11. Qe1 {[%emt 0:00:41]} O-O {[%emt 0:01:10]} 12. f5 {[%emt 0:06:02]} Qd7 {[%emt 0:06:25]} 13. Bxh6 {[%emt 0:02:54]} Rf7 {[%emt 0:04:36]} 14. Bd2 {[%emt 0:01:34]} c6 {[%emt 0:00:47]} 15. Qh4 {[%emt 0:00:33]} g5 {[%emt 0:06:07]} 16. Qxg4 {[%emt 0:00:45]} Rg7 {[%emt 0:03:37]} 17. Rad1 {[%emt 0:01:44]} b5 {[%emt 0:01:13]} 18. dxc6 {[%emt 0:00:45]} Qxc6 {[%emt 0:01:27]} 19. Ne3 {[%emt 0:00:09]} Bd8 {[%emt 0:03:51]} 20. Ncd5 {[%emt 0:00:09]} a6 {[%emt 0:06:02]} 21. Bc3 {[%emt 0:00:27]} Kh8 {[%emt 0:05:45]} 22. Nxf6 {[%emt 0:00:23]} Be7 {[%emt 0:03:52]} 23. Nh5 {[%emt 0:00:12]} b4 {[%emt 0:03:16]} 24. Bxg7+ {[%emt 0:00:08]} Kg8 {[%emt 0:02:10]} 25. f6 {[%emt 0:00:08]} Qc5 {[%emt 0:05:19]} 26. Qe6# {[%emt 0:00:08]} 1-0

[Event "XII Figueira da Foz Open 2018"]
[Site "Figueira da Foz"]
[Date "2018.10.30"]
[Round "2"]
[White "Marcal, Armando Paulo Gomes"]
[Black "Adams, Philip"]
[Result "0-1"]
[WhiteElo "1751"]
[BlackElo "1980"]
[Annotator "NA"]
[PlyCount "52"]
[EventDate "2018.10.30"]
[EventType "swiss"]
[EventCountry "POR"]
[SourceTitle "playchess.com"]
[Source "ChessBase"]
[SourceQuality "1"]
[TimeControl "40/5400+30:1800+30"]

1. e4 {[%emt 0:09:20]} c5 {[%emt 0:00:00]} 2. Nf3 {[%emt 0:00:19]} Nc6 {[%emt 0:00:00]} 3. d4 {[%emt 0:01:23]} cxd4 {[%emt 0:00:02]} 4. Nxd4 {[%emt 0:01:04]} g6 {[%emt 0:00:54]} 5. c3 {[%emt 0:02:14]} Bg7 {[%emt 0:00:23]} 6. Be3 {[%emt 0:00:34]} Nf6 {[%emt 0:00:44]} 7. Nd2 {[%emt 0:01:14]} O-O {[%emt 0:00:27]} 8. Be2 {[%emt 0:01:07]} Qc7 {[%emt 0:10:45]} 9. O-O {[%emt 0:04:46]} d5 {[%emt 0:04:18]} 10. exd5 {[%emt 0:09:28]} Nxd5 {[%emt 0:00:32]} 11. Nb5 {[%emt 0:01:27]} Qd8 {[%emt 0:09:43]} 12. Bc5 {[%emt 0:14:12]} b6 {[%emt 0:08:30]} 13. Ba3 {[%emt 0:02:41]} a6 {[%emt 0:02:54]} 14. Nd4 {[%emt 0:03:43]} Nxd4 {[%emt 0:00:24]} 15. cxd4 {[%emt 0:00:25]} Bxd4 {[%emt 0:08:40]} 16. Bf3 {[%emt 0:05:51]} Bb7 {[%emt 0:15:08]} 17. Qb3 {[%emt 0:09:16]} Rb8 {[%emt 0:12:27]} 18. Rad1 {[%emt 0:02:50]} Re8 {[%emt 0:08:16]} 19. Ne4 {[%emt 0:05:24]} Bg7 {[%emt 0:06:02]} 20. Nc3 {[%emt 0:00:32]} e6 {[%emt 0:00:29]} 21. Nxd5 {[%emt 0:05:04]} exd5 {[%emt 0:00:15]} 22. Bxd5 {[%emt 0:01:54]} Bxd5 {[%emt 0:01:17]} 23. Rxd5 {[%emt 0:00:11]} Qf6 {[%emt 0:04:36]} 24. Qg3 {[%emt 0:12:01]} Rbd8 {[%emt 0:01:46]} 25. Rxd8 {[%emt 0:02:41]} Qxd8 {[%emt 0:00:16]} 26. Qb3 {[%emt 0:02:38]} b5 {[%emt 0:01:06]} 0-1

[Event "XII Figueira da Foz Open 2018"]
[Site "Figueira da Foz"]
[Date "2018.10.30"]
[Round "2"]
[White "Soares, Sara Joana De Moura"]
[Black "Fernandes, Miguel A. Murtinho"]
[Result "0-1"]
[WhiteElo "1481"]
[BlackElo "2048"]
[Annotator "NA"]
[PlyCount "66"]
[EventDate "2018.10.30"]
[EventType "swiss"]
[EventCountry "POR"]
[SourceTitle "playchess.com"]
[Source "ChessBase"]
[SourceQuality "1"]
[TimeControl "40/5400+30:1800+30"]

1. e4 {[%emt 0:00:00]} d5 {[%emt 0:00:00]} 2. exd5 {[%emt 0:00:00]} Qxd5 {[%emt 0:00:00]} 3. Nc3 {[%emt 0:00:31]} Qd6 {[%emt 0:00:03]} 4. Nf3 {[%emt 0:00:33]} Nf6 {[%emt 0:00:09]} 5. Bc4 {[%emt 0:01:10]} g6 {[%emt 0:00:41]} 6. O-O {[%emt 0:01:39]} Bg7 {[%emt 0:00:07]} 7. Re1 {[%emt 0:01:53]} O-O {[%emt 0:00:16]} 8. d3 {[%emt 0:01:01]} a6 {[%emt 0:01:01]} 9. a4 {[%emt 0:04:59]} b6 {[%emt 0:00:56]} 10. Bg5 {[%emt 0:07:23]} Bb7 {[%emt 0:02:59]} 11. Bxf6 {[%emt 0:06:37]} exf6 {[%emt 0:04:30]} 12. Qe2 {[%emt 0:12:58]} f5 {[%emt 0:05:13]} 13. Qe7 {[%emt 0:08:15]} Bxf3 {[%emt 0:01:36]} 14. Qxd6 {[%emt 0:07:35]} cxd6 {[%emt 0:00:08]} 15. gxf3 {[%emt 0:00:14]} Nc6 {[%emt 0:01:09]} 16. Kg2 {[%emt 0:06:17]} Nd4 {[%emt 0:03:44]} 17. Bb3 {[%emt 0:04:29]} Rfe8 {[%emt 0:03:10]} 18. Rac1 {[%emt 0:10:03]} Nxb3 19. cxb3 Bd4 {[%emt 0:09:17]} 20. Kf1 {[%emt 0:08:15]} Rxe1+ {[%emt 0:00:41]} 21. Rxe1 {[%emt 0:01:52]} Rc8 {[%emt 0:00:55]} 22. Nd5 {[%emt 0:01:47]} Rc5 {[%emt 0:01:11]} 23. Ne7+ {[%emt 0:01:45]} Kf8 {[%emt 0:00:52]} 24. Re2 {[%emt 0:00:17]} Bf6 {[%emt 0:01:36]} 25. b4 {[%emt 0:01:49]} Rc1+ {[%emt 0:00:07]} 26. Re1 {[%emt 0:00:20]} Rxe1+ {[%emt 0:00:06]} 27. Kxe1 {[%emt 0:00:01]} Kxe7 {[%emt 0:00:08]} 28. b3 {[%emt 0:00:38]} Bc3+ {[%emt 0:00:06]} 29. Ke2 {[%emt 0:00:12]} Bxb4 {[%emt 0:00:07]} 30. d4 {[%emt 0:00:26]} h5 {[%emt 0:00:05]} 31. f4 {[%emt 0:00:41]} d5 {[%emt 0:00:04]} 32. h4 {[%emt 0:00:31]} Ke6 {[%emt 0:00:07]} 33. Ke3 {[%emt 0:00:34]} Be7 {[%emt 0:00:05]} 0-1

[Event "XII Figueira da Foz Open 2018"]
[Site "Figueira da Foz"]
[Date "2018.10.30"]
[Round "2"]
[White "Dong, Fabio"]
[Black "Marques, Joao Paulo C Veloso"]
[Result "0-1"]
[WhiteElo "1273"]
[BlackElo "1807"]
[Annotator "NA"]
[PlyCount "52"]
[EventDate "2018.10.30"]
[EventType "swiss"]
[EventCountry "POR"]
[SourceTitle "playchess.com"]
[Source "ChessBase"]
[SourceQuality "1"]
[TimeControl "40/5400+30:1800+30"]

1. c4 {[%emt 0:00:00]} Nf6 {[%emt 0:00:00]} 2. Nc3 {[%emt 0:00:00]} g6 {[%emt 0:00:00]} 3. g3 {[%emt 0:00:09]} Bg7 {[%emt 0:00:08]} 4. Bg2 {[%emt 0:00:10]} O-O {[%emt 0:00:35]} 5. Nf3 {[%emt 0:00:22]} d6 {[%emt 0:01:51]} 6. d4 {[%emt 0:00:38]} c6 {[%emt 0:00:08]} 7. O-O {[%emt 0:00:32]} Bf5 {[%emt 0:00:43]} 8. Re1 {[%emt 0:04:33]} Ne4 {[%emt 0:00:49]} 9. Bd2 {[%emt 0:12:29]} Qb6 {[%emt 0:03:43]} 10. Qb3 {[%emt 0:14:00]} Qxb3 {[%emt 0:03:41]} 11. axb3 {[%emt 0:00:28]} Nxd2 {[%emt 0:00:20]} 12. Nxd2 {[%emt 0:00:14]} Bxd4 {[%emt 0:00:41]} 13. Ra4 {[%emt 0:03:21]} Nd7 {[%emt 0:05:40]} 14. Rea1 {[%emt 0:00:33]} a6 {[%emt 0:04:45]} 15. Rb4 {[%emt 0:03:24]} Rab8 {[%emt 0:01:52]} 16. e3 {[%emt 0:05:05]} Bg7 {[%emt 0:03:06]} 17. Rba4 {[%emt 0:02:46]} Nc5 {[%emt 0:02:06]} 18. R4a2 {[%emt 0:03:07]} Nd3 {[%emt 0:04:17]} 19. e4 {[%emt 0:00:50]} Be6 {[%emt 0:02:06]} 20. Kf1 {[%emt 0:07:14]} Nxb2 {[%emt 0:04:58]} 21. Rc1 {[%emt 0:06:44]} Nd3 {[%emt 0:00:47]} 22. Rcc2 {[%emt 0:00:32]} Nb4 {[%emt 0:00:15]} 23. Rab2 {[%emt 0:00:35]} Nxc2 {[%emt 0:01:19]} 24. Rxc2 {[%emt 0:00:11]} Rfc8 {[%emt 0:02:20]} 25. Ne2 {[%emt 0:04:54]} b5 {[%emt 0:08:40]} 26. cxb5 {[%emt 0:00:29]} Rxb5 {[%emt 0:06:02]} 0-1

[Event "XII Figueira da Foz Open 2018"]
[Site "Figueira da Foz"]
[Date "2018.10.30"]
[Round "3"]
[White "Del Rio De Angelis, Salvador G."]
[Black "Oratovsky, Michael"]
[Result "1-0"]
[WhiteElo "2547"]
[BlackElo "2466"]
[Annotator "TA"]
[PlyCount "63"]
[EventDate "2018.10.30"]
[EventType "swiss"]
[EventCountry "POR"]
[SourceTitle "playchess.com"]
[Source "ChessBase"]
[SourceQuality "1"]

{[%evp 15,63,75,80,70,75,73,71,75,87,76,73,66,136,127,113,67,70,76,81,64,69,80,62,60,66,66,62,36,120,104,175,175,195,188,229,226,231,225,389,256,591,591,591,591,745,736,710,736,4686,942]} 1. d4 d6 2. Nf3 g6 3. c4 Bg7 4. Nc3 e5 5. e4 Nc6 6. Bg5 f6 7. Be3 Nh6 8. dxe5 fxe5 {LiveBook: 6 Partien. A42: Moderne Verteidigung (mit c2-c4/ohne Sf6)} (8... dxe5 9. Qxd8+ Kxd8 10. h3 Be6 11. O-O-O+ Kc8 12. c5 Nf7 13. Nd2 Nd4 14. Bc4 Rd8 15. Bxe6+ Nxe6 16. Nc4 {1-0 (52) Can,E (2578)-Jones,G (2671) Reykjavik 2017}) 9. c5 dxc5 10. Qxd8+ Kxd8 {Weiß steht besser.} 11. Bxc5 Bg4 $146 ({Vorgänger:} 11... Re8 12. Bb5 Bd7 13. Rd1 Kc8 14. Nd5 Nb8 15. Be2 c6 16. Nc3 {1-0 (53) Risting,E (2304)-Sikkel,D (1937) Reykjavik 2018}) 12. O-O-O+ Kc8 13. Bc4 Bxf3 (13... Na5 $14 14. Be2 Nc6) 14. gxf3 $16 Nd4 15. f4 {[#] zielt auf fxe5 ab.} b6 16. Bxd4 exd4 17. Nb5 c5 18. Bd5 Rb8 19. Nxa7+ Kd7 $1 20. Rhg1 $36 {[%mdl 2048] Weiss steht aktiver.} Rbf8 21. f5 $1 {Droht f4 und aus.} Nf7 (21... Ng8 $14) 22. Kb1 Nd6 (22... Be5 $16) 23. Rd3 $18 Be5 24. Nc6 ({Keinesfalls} 24. fxg6 $6 hxg6 25. Nc6 (25. Rxg6 Rxf2 26. Nc6 Rf1+ 27. Kc2 Bf4 $11) 25... Rh5 $16) 24... Bxh2 25. Rh1 Bf4 26. Rf3 Bg5 $2 (26... g5) 27. Rfh3 gxf5 $2 (27... Nxe4 28. Bxe4 (28. Rxh7+ Rxh7 29. Rxh7+ Kd6 $16) 28... gxf5) 28. Rxh7+ {Weiß steht klar auf Gewinn.} Rxh7 29. Rxh7+ Ke8 30. e5 Nc8 {[#]} 31. f4 $1 {[%mdl 512]} Ne7 (31... Bxf4 32. Be6) 32. Bf3 {Precision: Weiß = 88%, Schwarz = 34%.} (32. fxg5 $142 Nxd5 33. e6) 1-0

[Event "XII Figueira da Foz Open 2018"]
[Site "Figueira da Foz"]
[Date "2018.10.30"]
[Round "3"]
[White "Stella, Andrea"]
[Black "Romanishin, Oleg M"]
[Result "1/2-1/2"]
[WhiteElo "2500"]
[BlackElo "2443"]
[Annotator "TA"]
[PlyCount "107"]
[EventDate "2018.10.30"]
[EventType "swiss"]
[EventCountry "POR"]
[SourceTitle "playchess.com"]
[Source "ChessBase"]
[SourceQuality "1"]

{[%evp 18,107,48,10,12,14,30,27,37,36,38,-2,0,0,0,0,0,0,0,0,36,-43,-65,-204,-188,-232,0,0,0,0,0,0,0,0,22,19,19,19,29,14,39,39,39,39,39,39,39,0,8,8,39,32,109,97,109,109,109,109,109,109,246,162,186,185,178,44,44,25,25,20,25,8,8,8,8,8,8,8,8,8,8,8,8,8,8,8,8,0,8,0,8,8]} 1. d4 Nf6 2. c4 e6 3. Nc3 Bb4 4. Qc2 d5 5. a3 Bxc3+ 6. Qxc3 c5 {E36: Nimzo-Indian: Classical: 4...d5 5 a3} (6... Ne4 7. Qc2 c5 8. dxc5 Nc6 9. Nf3 Qa5+ 10. Nd2 Nxd2 11. Bxd2 Qxc5 12. e3 dxc4 13. Bxc4 Ne5 14. Bb3 Bd7 15. O-O Qxc2 16. Bxc2 Bc6 17. Rfd1 O-O 18. Bc3 {½-½ (123) Mamedyarov,S (2808)-Karjakin,S (2782) Leuven 2018}) 7. dxc5 d4 8. Qg3 Nc6 9. Nf3 O-O 10. Bh6 {[%csl Gh6][%cal Rg3g7] LiveBook: 9 Games} Nh5 11. Qg5 Qxg5 12. Bxg5 e5 {[%cal Be6e5,Be5e4,Be4e3][%mdl 32]} 13. b4 $146 ({Predecessor:} 13. e4 a5 14. b3 {0-1 (35) Machlik,M (2055)-Darnell,A (2110) Fagernes 2016}) 13... Re8 14. g3 e4 15. Nd2 h6 16. Bf4 $1 e3 17. Nb3 Nxf4 18. gxf4 a5 19. b5 (19. Bg2 $1 $14 axb4 20. Bxc6 bxc6 21. axb4 Rxa1+ 22. Nxa1) 19... a4 $15 20. bxc6 (20. Nc1 $15 Na5 21. Bg2) 20... axb3 $19 21. Bg2 b2 $2 ({Better is} 21... bxc6 $1 $19 22. Bxc6 Bf5) 22. Rb1 $11 bxc6 23. Rxb2 ({Avoid the trap} 23. Bxc6 $2 Rxa3 24. fxe3 (24. Bxe8 $2 {perishes.} Bf5 $19) 24... dxe3 $17) 23... Rxa3 24. fxe3 dxe3 {( -> ...Ra1+)} 25. O-O Bf5 26. Bxc6 Rc8 27. Bd5 {White wants to play c6.} Rxc5 28. Rb8+ Rc8 {[#]} 29. Rfb1 $1 {[%mdl 512]} Rxb8 (29... Bxb1 30. Rxc8+) 30. Rxb8+ $14 {[%mdl 4096] Endgame KRB-KRB} Kh7 31. Kg2 Bg4 32. Bxf7 g5 33. fxg5 hxg5 34. Rb2 {Hoping for Kg3.} Ra1 (34... Kg7 $14 35. Bd5 Rc3) 35. Bd5 Rc1 36. h3 Bh5 37. Be4+ $1 Kg7 {[#]} 38. Bd3 $1 Rd1 (38... Re1 $16) 39. Rb7+ Kf6 40. Rh7 Bf7 {[#]} 41. Kf3 (41. h4 $1 $18 {[%cal Rh4g5]} g4 42. Rh6+ Ke7 43. h5) 41... Rh1 $1 42. c5 {And now c6 would win.} Rc1 43. c6 Rxc6 44. Rh6+ Ke5 $132 {[%mdl 2048] The position is equal. Black is fighting back} 45. Rxc6 Bd5+ 46. Kg4 Bxc6 47. Kxg5 $11 {KB-KB} Ke6 $1 48. Bc4+ Ke7 $1 49. h4 Kf8 $1 50. Kg6 {Strongly threatening Kg5.} Be8+ 51. Kh6 {Black must now prevent Kg5.} Bd7 52. Kg6 {Kg5 is the strong threat.} Bg4 53. Kh7 {Threatens to win with Kh6.} Bh5 54. Kh6 {Precision: White = 46%, Black = 58%.} 1/2-1/2

[Event "XII Figueira da Foz Open 2018"]
[Site "Figueira da Foz"]
[Date "2018.10.30"]
[Round "3"]
[White "Galego, Luis"]
[Black "Perez Garcia, Rodney Oscar"]
[Result "1/2-1/2"]
[WhiteElo "2473"]
[BlackElo "2362"]
[Annotator "TA"]
[PlyCount "96"]
[EventDate "2018.10.30"]
[EventType "swiss"]
[EventCountry "POR"]
[SourceTitle "playchess.com"]
[Source "ChessBase"]
[SourceQuality "1"]

{[%evp 14,96,38,-25,29,31,45,43,70,49,44,43,57,38,39,15,40,27,39,14,25,0,0,0,0,0,-2,-41,-41,-41,-36,-35,-38,-42,-33,-30,0,0,0,0,0,0,0,0,0,0,0,-14,0,0,0,0,0,0,0,0,0,0,0,0,0,0,0,0,0,0,0,0,0,0,0,0,0,0,0,0,0,0,0,0,0,0,0,0,0]} 1. d4 d5 2. Nf3 Nf6 3. c4 c6 4. e3 e6 5. Nc3 a6 6. Ne5 c5 {D45: Semi-Slav: 5 e3} (6... Nbd7 7. Be2 dxc4 8. Nxd7 Bxd7 9. Bxc4 b5 10. Be2 c5 11. Bf3 Rc8 12. O-O Be7 13. dxc5 Ra8 {½-½ (13) Zvjaginsev,V (2683)-Popov,V (2557) St Petersburg 2012}) 7. cxd5 exd5 8. Bd3 {LiveBook: 4 Games} ({White should try} 8. g3 $14) 8... Nc6 ({Black should play} 8... Bd6) 9. O-O $11 Be6 $146 ({Predecessor:} 9... Bd6 10. Nxc6 bxc6 11. dxc5 Bxh2+ 12. Kxh2 Ng4+ 13. Kg3 h5 14. Kf3 {½-½ (46) Sedlak,N (2572)-Bodiroga,P (2422) Sombor 2009}) 10. Qa4 cxd4 11. Nxc6 bxc6 12. exd4 Qc7 13. h3 Bd6 14. Bg5 Nd7 {[%cal Bf6d7,Bd7f8,Bf8e6,Be6d4][%mdl 32]} 15. Rac1 O-O 16. Ne2 Rfc8 17. f4 f6 18. Bh4 c5 19. Qc2 Nf8 20. Kh1 c4 21. Bf5 {With the idea Bxe6+.} Qb7 22. Nc3 Re8 23. Bxe6+ Nxe6 24. Qf5 Nxd4 25. Qxd5+ {The position is equal.} Qxd5 26. Nxd5 Rab8 {[#] Strongly threatening ...Rb5.} 27. Bf2 ({Much worse is} 27. Bxf6 Ne2 $17) 27... Ne2 28. Rc2 Nxf4 29. Nxf4 Bxf4 30. Rxc4 Be3 31. Bxe3 Rxe3 {[%mdl 4096] Endgame KRR-KRR} 32. Rf2 Rb5 33. b3 h5 34. Rc7 a5 35. Kh2 Rbe5 36. Rfc2 Kh7 37. R2c5 Kh6 38. Rxe5 Rxe5 {KR-KR} 39. Rc4 g5 40. h4 gxh4 41. Rxh4 Kg5 42. Rc4 h4 43. Rc8 a4 44. Rg8+ Kh5 45. bxa4 Ra5 46. Rh8+ Kg4 47. Rg8+ Kh5 48. Rh8+ Kg4 {Precision: White = 66%, Black = 71%.} 1/2-1/2

[Event "XII Figueira da Foz Open 2018"]
[Site "Figueira da Foz"]
[Date "2018.10.30"]
[Round "3"]
[White "Alshameary Puente, Ismael"]
[Black "Rotstein, Arkadij"]
[Result "1-0"]
[WhiteElo "2369"]
[BlackElo "2476"]
[Annotator "TA"]
[PlyCount "103"]
[EventDate "2018.10.30"]
[EventType "swiss"]
[EventCountry "POR"]
[SourceTitle "playchess.com"]
[Source "ChessBase"]
[SourceQuality "1"]

{[%evp 22,103,102,87,89,91,100,66,73,45,53,50,54,39,148,134,152,120,119,118,117,107,104,55,151,139,250,95,112,100,97,41,46,51,42,47,47,60,191,150,258,17,8,8,8,8,8,8,8,8,8,8,8,-63,-63,-64,-62,-62,-62,-62,-26,-32,-8,-8,-8,-38,-8,-8,-8,-8,-8,-25,-25,-25,-8,-8,-8,-8,434,427,29973,29974,29975,29976]} 1. d4 g6 2. c4 Bg7 3. Nc3 d6 4. Nf3 Nd7 5. e4 e5 6. Be2 Ngf6 7. Be3 O-O 8. O-O c6 9. Qc2 h6 10. Rad1 {E94: King's Indian: Classical: 6 Be2 e5 7 0-0: Various Black 7th moves} Qe7 11. d5 c5 12. Ne1 {LiveBook: 3 Games. White is better.} (12. g3 Nb6 13. Nh4 Bh3 14. Rfe1 Nbd7 15. Bf1 Bxf1 16. Rxf1 Nh5 17. Rb1 b6 18. Kh1 {1-0 (77) Gelfand,B (2777)-Jones,G (2654) London 2013}) 12... Nh7 13. Qc1 $146 ({Predecessor:} 13. g3 f5 14. Ng2 Ng5 15. exf5 gxf5 16. f4 exf4 17. Bxf4 Ne5 18. Kh1 {1-0 (43) Gyimesi,Z (2602)-Speck,N (2371) Gibraltar 2006}) 13... h5 14. Nd3 h4 15. a3 f5 16. exf5 gxf5 17. f4 exf4 (17... e4 $14) 18. Nxf4 $16 {aiming for Ng6.} Ne5 19. h3 Nf6 20. Rde1 Bd7 21. Qc2 Rae8 22. Nb5 Bc8 ({Black should try} 22... Ne4 $14) 23. Nxa7 Nc6 {[#]} (23... Bd7 $16) 24. Bh5 $2 ({Resist} 24. dxc6 $6 Qxe3+ 25. Kh1 Ne4 $16) (24. Bd3 $1 $18 {and the rest is easy.} Nxa7 25. Ng6) 24... Nxa7 25. Bxe8 Rxe8 26. Bxc5 (26. Ng6 $16 Qf7 27. Nxh4) 26... Qxe1 $14 27. Rxe1 Rxe1+ 28. Kf2 Re4 29. Bxd6 Rd4 (29... Bd7 $1 $14) 30. Bb8 {Black must now prevent Nd3.} b5 (30... Rd2+ $16 {was worth a try.} 31. Qxd2 Ne4+ 32. Ke3 Nxd2 33. Kxd2 Bd4) 31. cxb5 $2 (31. Nd3 $18 Ne4+ 32. Ke1 Rxc4 33. Qd1) 31... Rd2+ $11 32. Qxd2 Ne4+ 33. Ke2 Nxd2 34. b6 Nb5 35. Kxd2 {Ne6 is the strong threat.} Bxb2 36. a4 Na3 $1 37. Ng6 (37. Bc7 $11) 37... Bf6 $15 38. Bc7 Nc4+ 39. Ke2 Kf7 40. Nf4 Ba6 {Threatens to win with ...Nxb6+.} 41. Kf3 Bd4 {[%cal Rc4d2]} 42. Ne6 $132 {[%mdl 2048] White is fighting back} Bxb6 43. Kf4 Kf6 {Strongly threatening ...Be3+.} 44. Bxb6 Nxb6 45. Nc7 {Hoping for a5.} Bb7 46. d6 {[%cal Bd5d6,Bd6d7][%mdl 32]} Bxg2 47. a5 Nd7 48. a6 Nb6 49. a7 Bxh3 $2 {[%mdl 8192] [#]} (49... Bc6 $11) 50. Kf3 $1 $18 Bf1 {[#]} (50... Bg4+ $18 51. Kf2 f4) 51. d7 $1 {[%mdl 512]} Ke7 {[#]} (51... Nxd7 52. a8=Q) 52. Nd5+ $1 {[%mdl 512] Precision: White = 43%, Black = 37%.} 1-0

[Event "XII Figueira da Foz Open 2018"]
[Site "Figueira da Foz"]
[Date "2018.10.30"]
[Round "3"]
[White "Martin Duque, Jesus"]
[Black "Silva, Pedro Gil Ferreira "]
[Result "1-0"]
[WhiteElo "2354"]
[BlackElo "1837"]
[Annotator "TA"]
[PlyCount "104"]
[EventDate "2018.10.30"]
[EventType "swiss"]
[EventCountry "POR"]
[SourceTitle "playchess.com"]
[Source "ChessBase"]
[SourceQuality "1"]

{[%evp 15,104,52,62,54,54,51,91,91,89,49,120,72,65,40,57,49,137,99,104,0,0,0,0,0,0,0,0,0,0,0,0,0,0,0,3,0,0,0,43,43,47,40,88,66,65,56,79,54,101,97,87,91,62,62,105,72,81,56,56,56,56,56,56,21,24,13,13,13,13,3,382,327,368,368,1800,1010,2513,1887,29970,29973,29973,29972,29972,29973,29973,29974,29981,29983,29982,29974,29968]} 1. e4 c6 2. d4 d5 3. e5 c5 4. dxc5 Nc6 5. f4 (5. a3 Nxe5 6. b4 Nf6 7. Bb2 Nc6 8. Nf3 g6 9. Nc3 d4 10. Nb5 e5 11. Qe2 Bg4 12. O-O-O Bh6+ {1-0 (48) Nepomniachtchi,I (2751)-Navara,D (2737) Saint Louis 2017}) 5... e6 6. Be3 {B12: Caro-Kann: Advance Variation} d4 7. Bf2 Bxc5 8. Nd2 Nge7 {LiveBook: 11 Games} 9. Qf3 b6 10. a3 $146 ({Predecessor:} 10. Bd3 Bb7 11. a3 a5 12. Ne2 Qc7 {1-0 (34) Kadric,D (2502)-Ostrovskiy,A (2391) Charlotte 2018}) 10... a5 11. Bd3 Ba6 12. Ne2 a4 (12... Bxd3 $14 13. Qxd3 Qd5) 13. O-O Bxd3 14. cxd3 Qd5 15. Ne4 Ra5 (15... O-O $14) 16. Rac1 Rb5 17. Rxc5 (17. N2g3 $16) 17... Rxc5 $11 18. Nxc5 Qxf3 19. gxf3 bxc5 20. Rc1 Kd7 21. Rxc5 Rb8 22. Rc4 (22. Bxd4 {feels hotter.} Nxd4 23. Nxd4 Rxb2 24. Ra5 g6 25. Ra7+) 22... Rxb2 23. Nxd4 Rd2 24. Rxa4 Rxd3 25. Nxc6 Nxc6 {[%mdl 4096] Endgame KRB-KRN} 26. Kg2 f6 27. exf6 gxf6 28. Ra8 Rc3 29. a4 Ra3 30. Bb6 h5 31. a5 Nb4 32. Rd8+ Kc6 33. Rc8+ Kd7 34. Rc7+ Kd6 35. Kg3 Ra2 36. Rh7 Nd5 37. Rxh5 Nxb6 38. axb6 $14 {KR-KR} Rb2 39. Rh6 f5 40. h4 {[#] Black must now prevent h5.} Rxb6 41. Rh7 {Hoping for h5.} Rb1 $1 42. h5 {aiming for Kh4.} e5 $2 {[%mdl 8192]} (42... Rh1 $11 {and Black has nothing to worry.}) 43. Rh6+ $18 Kd5 {[#]} 44. Rf6 $1 e4 $2 (44... Rh1 45. Rxf5 Ke6 46. Rxe5+ Kf6) 45. Rxf5+ Kd4 46. fxe4 Kxe4 47. Re5+ {White mates.} Kd4 48. Kg4 Rg1+ 49. Kf5 Rh1 50. Kg6 Rg1+ 51. Rg5 Ra1 52. f5 Kd5 {Precision: White = 79%, Black = 36%.} 1-0